Phương trình sóng chưa số hạng Kirchoff với nguồn phi tuyến lũy thừa 3: Thuật giải lặp và khai triểm tiệm cận : Luận văn Thạc sĩ chuyên ngành Toán giải tích

Đề tài trình bày sự tồn tại và duy nhất nghiệm yếu của bài toán bằng thuật giải xấi xỉ tuyến tính, dáng điệu tiệm cận của nghiệm khi tham số bé tiến về không, sự hội tụ của thuật giải lặp cấp 2 và đánh giá sai số....

Descripción completa

Guardado en:
Detalles Bibliográficos
Autor principal: Võ, Hoài Thanh
Formato: Libro
Lenguaje:Undetermined
Publicado: Cần Thơ Trường Đại học Cần Thơ 2012
Materias:
Etiquetas: Agregar Etiqueta
Sin Etiquetas, Sea el primero en etiquetar este registro!
Thư viện lưu trữ: Trung tâm Học liệu Trường Đại học Cần Thơ
LEADER 01272nam a2200217Ia 4500
001 CTU_177756
008 210402s9999 xx 000 0 und d
082 |a 515 
082 |b Th107 
088 |a 60460102 
100 |a Võ, Hoài Thanh 
245 0 |a Phương trình sóng chưa số hạng Kirchoff với nguồn phi tuyến lũy thừa 3: Thuật giải lặp và khai triểm tiệm cận : 
245 0 |b Luận văn Thạc sĩ chuyên ngành Toán giải tích 
245 0 |c Võ Hoài Thanh ; Lê Thị Phương Ngọc (Hướng dẫn khoa học) 
260 |a Cần Thơ 
260 |b Trường Đại học Cần Thơ 
260 |c 2012 
520 |a Đề tài trình bày sự tồn tại và duy nhất nghiệm yếu của bài toán bằng thuật giải xấi xỉ tuyến tính, dáng điệu tiệm cận của nghiệm khi tham số bé tiến về không, sự hội tụ của thuật giải lặp cấp 2 và đánh giá sai số. 
650 |a Mathematical analysis,Nonlinear wave equations,Phương trình sóng phi tuyến,Toán giải tích 
904 |i Hải 
980 |a Trung tâm Học liệu Trường Đại học Cần Thơ